Score 0/39 Timer 03:00
3 Plays Today
% Correct
Legislative
98.5%
Judicial
98.3%
Executive
98.1%
The Empire Strikes Back
97.9%
Return of the Jedi
97.8%
Tin Man
97.5%
Scarecrow
97.1%
Lion
96.8%
Past
96.4%
Present
96.3%
Red
96.2%
Blue
96%
Yellow
96%
Vanilla
95.8%
Strawberry
95.7%
Chocolate
95.4%
Future
95.2%
A New Hope
95%
Aruba
94.1%
German
94%
% Correct
French
94%
Dutch
93.9%
The Butcher
92.9%
The Baker
92.5%
Cape Town
92%
The Candlestick Maker
91.4%
Lithuania
90.1%
Balthazar
89.1%
Curaçao
88.5%
Latvia
88.3%
Estonia
88.1%
Ohio
85%
Allegheny
82.5%
Melchior
82.2%
Bonaire
79.9%
Pretoria
75.2%
Monongahela
67.7%
Caspar
65.9%
Bloemfontein
63.4%
Remove Ads.
Support Sporcle.
Get the best of Sporcle when you Go Orange. This ad-free experience offers more features, more stats, and more fun while also helping to support Sporcle. Thank you for becoming a member.

You're not logged in!

Compare scores with friends on all Sporcle quizzes.
OR
Log In

Show Comments

Extras

Top Quizzes Today


Score Distribution

Your Account Isn't Verified!

In order to create a playlist on Sporcle, you need to verify the email address you used during registration. Go to your Sporcle Settings to finish the process.

Report this User

Report this user for behavior that violates our Community Guidelines.

Details: